MARC

LEADER 00000nam0a2200000 4500
001 301132
005 20231102001354.0
020 |a RU  |b 83-6837 
035 |a (RuTPU)RU\TPU\book\326285 
090 |a 301132 
100 |a 20150724d1983 km y0rusy5003 ca 
101 0 |a rus 
102 |a RU 
105 |a a z 001zy 
200 1 |a Наладка и эксплуатация газоочистных сооружений в черной металлургии  |f В. Д. Осипенко, Н. М. Васильченко 
210 |a Москва  |c Металлургия  |d 1983 
215 |a 144 с.  |c ил. 
320 |a Библиогр.: с. 141 
606 1 |a Металлургические заводы  |x Газовое хозяйство  |x Техника безопасности  |x Эксплуатация  |2 stltpush  |3 (RuTPU)RU\TPU\subj\42754  |9 62394 
610 1 |a наладка 
610 1 |a газоочистка 
610 1 |a газоочистное оборудование 
610 1 |a черная металлургия 
610 1 |a газы 
610 1 |a сухая очистка 
610 1 |a мокрая очистка 
610 1 |a испытания 
610 1 |a техника безопасности 
675 |a 669.162.2  |v 3 
700 1 |a Осипенко  |b В. Д.  |g Валерий Дмитриевич 
701 1 |a Васильченко  |b Н. М.  |g Николай Михайлович 
801 0 |a RU  |b RuMRKP  |c 19950704  |g psbo 
801 1 |a RU  |b 63413507  |c 20150724 
801 2 |a RU  |b 63413507  |c 20190402  |g RCR 
942 |c BK